| LEADER |
00943nam0a2200205 450 |
| 001 |
16847817 |
| 010 |
|
|
|a 978-2-290-37475-7
|b br.
|d 5
|
| 100 |
|
|
|a 20220311d2022 u u0frey01 ba
|
| 101 |
0 |
|
|a fre
|
| 102 |
|
|
|a FR
|
| 200 |
0 |
|
|a Hiéroglyphes en 12 leçons (Les)
|e n'en faites pas toute une pyramide !
|f Amandine Marshall
|
| 207 |
|
1 |
|a
|
| 210 |
|
|
|a Paris
|c Librio
|d 2022
|
| 215 |
|
|
|a 1 vol. (96 p.)
|c illustrations en couleur
|d 21 x 13 cm
|
| 225 |
1 |
|
|a Librio
|i Mémo
|
| 330 |
|
|
|a Un mémo ludique pour comprendre le système d'écriture des hiéroglyphes en apprenant à déchiffrer ses 24 idéogrammes. Avec des exercices pour tester ses apprentissages et des photographies de stèles afin de se familiariser avec l'écriture hiéroglyphique.
|
| 700 |
|
0 |
|a Marshall
|b Amandine
|4 70
|
| 900 |
|
|
|a Documentaire
|
| 901 |
|
|
|a Accessible au prêt
|
| 995 |
|
|
|a Bibliothèque
|c Bibliothèque
|f 00156012318176
|h 00156012318176
|k 411 HIE
|o p
|q a
|r az
|e Bibliothèque
|